LEADER 01243nam a2200277 4500 001 000000332989 003 CaOOAMICUS 005 20190321115452.0 008 190321s2016 it 000 u ita r 020 $a978-88-7713-761-6 040 $aSeMil$bita 100 1 $aRizzolatti, Giacomo,$d<1937- >.$0(OLS)http://semarc/name/59464 245 10$aSei tu il mio io :$bconversazione sui neuroni specchio con Antonio Gnoli /$cGiacomo Rizzolatti ; A cura di Lorenza Noseda. 264 1$aBellinzona :$bCasagrande,$c2016. 300 $a49 p. ;$c19 cm 490 1 $aAlfabeti 700 1 $aGnoli, Antonio,$d<1949- >.$0(OLS)http://semarc/name/51599 700 1 $aNoseda, Lorenza,$ecuratore.$0(OLS)http://semarc/name/109195 830 0$aAlfabeti.$0(OLS)http://semarc/title/422139 850 $aSeMil 852 $aSeMil$W1$xVenegono$y1$m3X VI 121$j213190$B225202$CSeMilBibl$Z2$F225202 $81 961 $aConti don Ermenegildo - Omaggio 996 $6020$a978-88-7713-761-6$9(OLS)http://semarc/number/286884 996 $6245$aSei tu il mio io :$bconversazione sui neuroni specchio con Antonio Gnoli$9(OLS)http://semarc/title/422141 996 $6264$aBellinzona :$bCasagrande$9(OLS)http://semarc/publisher/30155 LEADER 00975nam a2200241 i 4500 001 000000043406 003 CaOOAMICUS 005 20211118143257.0 008 090814s1966 gw u000 u ger u 013 $a14576 040 $aSeMil$bita 100 1 $aRatschow, Carl Heinz.$0(OLS)http://semarc/name/9777 245 10$aGott existiert :$beine dogmatische Studie /$cvon Carl Heinz Ratschow. 264 1$aBerlin :$bA. Töpelmann,$c1966. 300 $a87 p. ;$c22 cm. 490 1 $aTheologische Bibliothek Töpelmann ;$v12 650 4$aDio - Teologia.$0(OLS)http://semarc/subject/1408 830 0$aTheologische Bibliothek Töpelmann ;$v12.$0(OLS)http://semarc/title/29018 850 $aSeMil 852 $aSeMil$W1$xVenegono$y1$m2XA U 12$j232755$B239623$CSeMilBibl$Z2$F239623 $81 996 $6245$aGott existiert :$beine dogmatische Studie$9(OLS)http://semarc/title/63765 996 $6264$aBerlin :$bA. Töpelmann$9(OLS)http://semarc/publisher/39343 LEADER 00952nam a2200229 i 4500 001 000000119370 003 CaOOAMICUS 005 20051103000000.0 008 051103s1982 it u000 u ita u 013 $a92063 040 $aSeMil$bita 100 1 $aRivolta, Giulio.$0(OLS)http://semarc/name/49777 245 10$aKaramoja terra di fame /$cGiulio Rivolta [e] Angelo Franzi. - 1982 (Verona : La Nuova Grafica Moderna) 260 $a[S.l. :$bs.n.],$c1982$e(Verona :$fLa Nuova Grafica Moderna,$g1982) 300 $a71 p. :$briccamente ill. ;$c31 cm. 650 4$aKaramoja .$0(OLS)http://semarc/subject/22352 700 1 $aFranzi, Angelo.$0(OLS)http://semarc/name/49778 850 $aSeMil 852 $aSeMil$W1$xVenegono$y1$m4Y VI 47$j74583$B74583$CSeMilBibl$Z2$F105229 $81 961 $aOmaggio: Altro 996 $6245$aKaramoja terra di fame$9(OLS)http://semarc/title/175408 996 $6260$a[S.l. :$bs.n.]$9(OLS)http://semarc/publisher/29751